000 00733na a2200253 4500
001 23763
003 MIRAKIL
005 20181226104239.0
008 171222b tu 000 0
020 _a97897579+02539
041 _atur
082 _a297.8
_bD32b 1998
090 _a297.8 D32b 1998
100 _aDedebaba, Bedri Noyan
245 _aBütün yönleriyle Bektaşilik ve alevilik
_cBedri Noyan Dedebaba
260 _aAnkara
_bArdıç yayınları
_c1998
300 _ac.1 , 561 s.
_bfotg.
_c24 sm.
504 _akaynakça ve dizin vardır.
650 _aİslam Dini
_xBektaşilik
650 _aİnanışlar
_xİslam Dini
650 _aİslam Dini
_xAlevilik
942 _2ddc
_cBKS
040 _aMilas
_btur
_cTR-AnCHP
999 _c12000
_d12000